000
00317nam a2200145Ia 4500
008
220923s9999 xx 000 0 und d
082
_b
MOD
100
_a
MODAK, ANOOPAM
245
0
_a
SUPREME COURT ON CONTEMPT
250
_a
1ST
260
_c
2013
300
_a
184
650
_a
Legal Institution
942
_c
BK
999
_c
195889
_d
195889